000 00737nam a22002537a 4500
001 BR7906203
003 BR-BrBNA
005 20230928090128.0
007 ta
008 230509b bl.||||| |||| 00| 0 por d
040 _aBR-BrBNA
_bpor
_cBiblioteca Nacional de Agricultura
041 _a(Por)
072 _aF10
090 _ F10 BR7906203
100 1 _aSilvestre, I.M.
110 1 _aInstituto Joaquim Nabuco de Pesquisas Sociais, Recife, PE (Brasil). Depto. de Processamento de Dados e Documentacao
_96384
245 1 _aBibliografia sobre secas [Climatologia]
260 3 _aRecife, PE (Brasil):
_c1979.
300 _a62 p.
650 _aSeca
650 _aBibliografia
909 _a202309
_bLucia
_c55
_dLucia Elande
942 _cBK
999 _c27904
_d27904